000 02745cam a2200325 a 4500
999 _c1457
_d1457
001 14412027
003 GZU
005 20201015143503.0
008 060613s2007 nyuab b 001 0 eng
010 _a 2006019281
020 _a1845450167 (alk. paper)
020 _a9781845450168 (alk. paper)
035 _a(OCoLC)ocm70176792
035 _a(OCoLC)70176792
040 _aDLC
_cDLC
_dBAKER
_dBTCTA
_dC#P
_dYDXCP
_dAGL
_dDLC
050 0 0 _aHC79.E5
_bSUS 2006
245 0 0 _aSustainability and communities of place /
_cedited by Carl A. Maida.
260 _aNew York :
_bBerghahn Books,
_c2007.
300 _aviii, 261 p. :
_bill., maps ;
_c24 cm.
440 0 _aStudies in environmental anthropology and ethnobiology ;
_vv. 5
504 _aIncludes bibliographical references and index.
505 0 _aLocal and global knowledges -- Sustainability: where, when, for whom? past, present, and future of a local rural population in a protected natural area (Guaraquecaba, Brazil) / Claude Raynaut, Magda Zanoni, Angela Ferreira, and Paulo Lana -- Alaska native corporations and subsistence : paradoxical forces in the making of sustainable communities / Thomas F. Thornton -- Communities out of place / Johanna Gibson -- "Talking about kultura and signing contracts" : the bureaucratization of the environment on Palawan island (the Philippines) / Dario Novellino -- Local practices : adaptive strategies and state responses -- Does everyone suffer alike? race, class, and place in Hungarian environmentalism / Krista Harper -- Attachment sustains : the glue of prepared food / Deborah Pellow -- Globalization, local practice, and sustainability in the high plains region of the United States / Janet E. Benson -- Quality of life, sustainability, and urbanization of the Oxnard Plain, California / Barbara Yablon Maida and Carl A. Maida -- Social capital, civic engagement, and globalization -- Linked indicators of sustainability build bridges of trust / Kenneth A. Meter -- The design of the built environment and social capital : case study of a coastal town -- Facing rapid changes / Karla Caser -- Sociomaterial communication, community, and ecosustainability in the global era / Richard Westra -- The prospect of sustainability in the culture of capitalism, global culture, and globalization : a diachronic perspective / Snjezana Colic.
650 0 _aSustainable development.
650 0 _aCommunity life.
700 1 _aMaida, Carl A.
_eeditor
856 4 1 _3Table of contents only
_uhttp://www.loc.gov/catdir/toc/ecip0616/2006019281.html
906 _a7
_bcbc
_corignew
_d1
_eecip
_f20
_gy-gencatlg
942 _2lcc
_cBK
_h79.E5
_iSUS
_kHC